书目信息 |
| 题名: |
辛弃疾传
|
|
| 作者: | 邓广铭 著 | |
| 分册: | ||
| 出版信息: | 北京 生活·读书·新知三联书店 2007.03 |
|
| 页数: | 293页 | |
| 开本: | 22cm | |
| 丛书名: | 邓广铭宋史人物书系 | |
| 单 册: | ||
| 中图分类: | K825.6=442 | |
| 科图分类: | ||
| 主题词: | ||
| 电子资源: | ||
| ISBN: | 978-7-108-02647-7 | |
| 000 | 01060nam 2200265 450 | |
| 001 | 012008166262 | |
| 005 | 20080421140156.01 | |
| 010 | @a978-7-108-02647-7@dCNY20.00 | |
| 100 | @a20080420d2007 em y0chiy0120 ea | |
| 101 | 0 | @achi |
| 102 | @aCN@b110000 | |
| 105 | @aa z 000yy | |
| 106 | @ar | |
| 200 | 1 | @a辛弃疾传@Axin qi ji chuan@a辛稼轩年谱@Axin jia xuan nian pu@f邓广铭著@Fdeng guang ming zhu |
| 210 | @a北京@c生活·读书·新知三联书店@d2007.03 | |
| 215 | @a293页@c图@d22cm | |
| 225 | 2 | @a邓广铭宋史人物书系@Adeng guang ming song shi ren wu shu xi |
| 330 | @a全书分年隶事,亦兼用纪事本末之体,以综贯叙述。作者厘清了几个世纪以来的纷纭参差,对于稼轩南渡后的出外大节、用舍行藏诸端作出了令人信服的解说。此书还提纲挈领地阐述了南宋时期的诸多军国大事,置人物于时代波澜之中。 | |
| 410 | 0 | @12001 @a邓广铭宋史人物书系 |
| 423 | 0 | @12001 @a辛稼轩年谱@f邓广铭 |
| 600 | 0 | @a辛弃疾,@Axin qi ji@f1140-1207@x传记 |
| 690 | @aK825.6=442@v4 | |
| 701 | 0 | @a邓广铭@Adeng guang ming@4著 |
| 801 | 0 | @aCN@bQSSK@c20080421 |
| 905 | @b295376-78@dK825.6=442@eX513@f3 | |
| 辛弃疾传;辛稼轩年谱/邓广铭著.-北京:生活·读书·新知三联书店,2007.03 |
| 293页:图;22cm.-(邓广铭宋史人物书系) |
| ISBN 978-7-108-02647-7:CNY20.00 |
| 全书分年隶事,亦兼用纪事本末之体,以综贯叙述。作者厘清了几个世纪以来的纷纭参差,对于稼轩南渡后的出外大节、用舍行藏诸端作出了令人信服的解说。此书还提纲挈领地阐述了南宋时期的诸多军国大事,置人物于时代波澜之中。 |
| ● |
| 相关链接 |
|
|
|
正题名:辛弃疾传
索取号:K825.6=442/X513
 
预约/预借
| 序号 | 登录号 | 条形码 | 馆藏地/架位号 | 状态 | 备注 |
| 1 | 295376 | 202953768 | 社科库309/309社科库 53排3列6层/ [索取号:K825.6=442/X513] | 在馆 | |
| 2 | 295377 | 202953777 | 社科库309/309社科库 53排3列6层/ [索取号:K825.6=442/X513] | 在馆 | |
| 3 | 295378 | 202953786 | 社科库309/309社科库 53排3列6层/ [索取号:K825.6=442/X513] | 在馆 |